Back from dead : (Record no. 151136)
[ view plain ]
| 000 -LEADER | |
|---|---|
| fixed length control field | 00612nam a22001815a 4500 |
| 005 - DATE AND TIME OF LATEST TRANSACTION | |
| control field | 20180412155224.0 |
| 010 ## - LCCN (DPL NO) | |
| LC control number | B-690768-769 |
| 020 ## - INTERNATIONAL STANDARD BOOK NUMBER | |
| International Standard Book Number | 9788170492375 |
| Terms of availability | 495.00 |
| 035 ## - SYSTEM CONTROL NUMBER | |
| System control number | B-690768-769 |
| 082 ## - DEWEY DECIMAL CLASSIFICATION NUMBER | |
| Classification number | 954.035092 |
| 100 ## - MAIN ENTRY--PERSONAL NAME | |
| Personal name | Dhar Anuj |
| 245 ## - TITLE STATEMENT | |
| Title | Back from dead : |
| Statement of responsibility, etc | by Anuj Dhar |
| Remainder of title | inside the Subhas Bose mystery / |
| 260 ## - PUBLICATION, DISTRIBUTION, ETC. (IMPRINT) | |
| Place of publication, distribution, etc | New Delhi : |
| Name of publisher, distributor, etc | Manas Publications, |
| Date of publication, distribution, etc | 2014 |
| 300 ## - PHYSICAL DESCRIPTION | |
| Extent | 400p. ; |
| Dimensions | 22cm(Hb) |
| 500 ## - GENERAL NOTE | |
| General note | Balidani |
| 942 ## - ADDED ENTRY ELEMENTS (KOHA) | |
| Source of classification or shelving scheme | Dewey Decimal Classification |
| Item type | English Books |
| Call number suffix | DHA |
| Classification part | 954.035092 |
| Withdrawn status | Lost status | Not for loan | Collection code | Home library | Current library | Date acquired | Source of acquisition | Cost, normal purchase price | Full call number | Barcode | Copy number | Cost, replacement price | Koha item type | Public note |
|---|---|---|---|---|---|---|---|---|---|---|---|---|---|---|
| Non-fiction | Central Library | Central Library | 12/04/2018 | MP-145/06.03.2018/791/19.03.2018/09.03.2018 | 495.00 | 954.035092 DHA | B-690768 | 1 | 495.00 | English Books | Balidani | |||
| Non-fiction | Sarojini Nagar | Sarojini Nagar | 12/04/2018 | MP-145/06.03.2018/791/19.03.2018/09.03.2018 | 495.00 | 954.035092 DHA | B-690769 | 1 | 495.00 | English Books | Balidani |
